000 00480nam a2200169Ia 4500
008 240729s9999 xx 000 0 und d
022 _a1866-3516
245 0 _aEarth System Science Data
260 _aGermany
260 _bCopernicus Publications
650 _a Environmental sciences | Science
650 _a Geology
650 _aGeography. Anthropology. Recreation
856 _uhttps://doaj.org/toc/7abda4c55a304e898af046b7dad395b6
942 _2ddc
942 _cDOAJEJ
999 _c71808
_d71808
945 _a1
_bMadushi Gamage
_c1
_dMadushi Gamage